| 000 | 00862nam a2200217 i 4500 | ||
|---|---|---|---|
| 001 | 186661 | ||
| 003 | SpMaBN | ||
| 005 | 20250724094357.0 | ||
| 008 | 161222s1971 sp abo |||| | spa d | ||
| 080 | _a912(100) | ||
| 245 | 0 | 0 |
_aAtlas ilustrado Labor / _c[texto, H. Butze, J. Herrmann, W. Heybrock ; traducción, V. de Artadi y Ormaechea, L. Ogg]. |
| 260 |
_aBarcelona : _bLabor, _c[1971] |
||
| 300 |
_a196 p., : _bil. col. y n., fot., mapas col. ; _c33 cm. |
||
| 500 | _aÍndices. | ||
| 505 | 8 |
_aContiene: ; _tAstronomía / _rHerrmann, J. -- _tHistoria del descubrimiento de la Tierra / _rH. Butze. -- _tNaturaleza de la Tierra / _rW. Heybrock |
|
| 594 | _aComplementa a "Geografia ilustrada Labor" | ||
| 650 | 7 |
_aAtlas _2embne _910407 |
|
| 700 | 1 |
_aHerrmann, Joachim. _963374 |
|
| 852 |
_aES-MaACL _jL-31132 _z- enc. guaflex |
||
| 999 |
_c186661 _d186661 |
||